000 00445nam a2200181Ia 4500
008 131103s9999 xx 000 0 und d
020 _a0 04 157001 4
040 _aLoreto College
041 _aEnglish
082 _aMIS/FRO
_bLCBED/535
100 _aFromm, Erich
245 4 _aThe art of loving
_cErich Fromm
260 _aLondon
_bUnwin Books
_c1971
300 _a95p.
_c 18cm.
650 _aMis
850 _aLCBED/MIS/FRO
942 _cBK
999 _c34252
_d84731